000 01017aab a2200241 i 4500
001 768714001
003 CO-MdFUSB
005 20240806124455.0
008 240806t1998 -us||||| |||| 00| 0 eng d
040 _bspa
_cCO-MdFUSB
041 _aeng
100 1 _aBevans, Stephen B.
_eautor
245 1 0 _aGod inside out :
_btoward a missionary theology of the Holy Spirit
_c/ Stephen B. Bevans
520 _aEl Dios intermediario: el Espíritu Santo y la misión cristiana, tal como lo analizan los autores, es una interpretación del pensamiento de su mentor Bernard Lonergan, una tesis que, dice, también encuentra cierta resonancia tanto en Agustín como en Aquino.
546 _aTexto en inglés.
650 7 _aDios
_9178
650 0 _aEvangelización
_9362
650 0 _aEspíritu Santo
_950
650 0 _aMisiones
_9154
773 0 _tInternational Bulletin
_049483
_961005
_gVolumen 22, (número 3, 1998), páginas: 102 -105
_qpágina: 102
942 _cANA
945 _aCatherine Arias Álvarez - Practicante SENA
999 _c57324
_d57324